Cẩm nang chăm sóc bà mẹ và em bé = the Complete Book of MOTHER and BABY CARE

Bewaard in:
Bibliografische gegevens
Hoofdauteur: Elizabeth Fenwick
Formaat: Boek
Taal:Undetermined
Gepubliceerd in: Tp. HCM Trẻ 1996
Onderwerpen:
Tags: Voeg label toe
Geen labels, Wees de eerste die dit record labelt!
Thư viện lưu trữ: Trung tâm Học liệu Trường Đại học Cần Thơ
LEADER 00549nam a2200181Ia 4500
001 CTU_15508
008 210402s9999 xx 000 0 und d
082 |a 610.734 
082 |b F343 
100 |a Elizabeth Fenwick 
245 0 |a Cẩm nang chăm sóc bà mẹ và em bé 
245 0 |b = the Complete Book of MOTHER and BABY CARE 
245 0 |c Elizabeth Fenwick, Nguyễn Lân Đính 
260 |a Tp. HCM 
260 |b Trẻ 
260 |c 1996 
650 |a pediatric nursing 
980 |a Trung tâm Học liệu Trường Đại học Cần Thơ